Una mente inquieta testimonio sobre afectos y locura (Registro nro. 49797)

Detalles MARC
000 -ENCABEZADO
Número de control [NR] 01000nam a2200265Ia 4500
005 - FECHA Y HORA DE LA ÚLTIMA TRANSACCIÓN
control field 20250912132602.0
008 - DE LONGITUD FIJA DE DATOS DE ELEMENTOS - INFORMACIÓN GENERAL
Elementos de longitud fija [NR] 130821s1996 sp gr spa
020 ## - NUMERO INTERNACIONAL NORMALIZADO PARA LIBROS [R]
Número Internacional Normalizado del libro [NR] 8472239624
040 ## - FUENTE DE CATALOGACION [NR]
Agencia de catalogación original [NR] Co-BoUCM
Idioma de catalogación [NR] spa
Quien Cataloga David Moreno (modificó)
Quien Clasifica David Moreno (modificó)
041 00 - CODIGO DE IDIOMA [R]
Código de idioma para texto/pista de sonido o título separado [R] Español
060 ## - SIGNATURA TOPOGRAFICA DE LA BIBLIOTECA NACIONAL DE MEDICINA (NLM) [R]
Número clasificador [R] WM 140
100 1# - ASIENTO PRINCIPAL--NOMBRE PERSONAL [NR]
Nombre personal [NR] Jamison, Kay Redfield
ID Autoridad 1969
245 10 - MENCION DE TITULO [NR]
Título [NR] Una mente inquieta testimonio sobre afectos y locura
Mención de responsabilidad, etc. [NR] Kay Redfield Jamison; traducción de Manuel Talens
260 ## - PUBLICACION, DISTRIBUCION, ETC. (PIE DE IMPRENTA) [R]
Lugar de publicación, distribución, etc. [R] Barcelona (España)
Nombre del editor, distribuidor, etc. [R] Tusquets Editores
Fecha de publicación, distribución, etc. [R] 1996
300 ## - DESCRIPCION FISICA [R]
Extensión [R] 222 páginas
490 ## - MENCION DE SERIE [R]
Mención de serie [R] Colección Andanzas
Designación numérica/secuencial del volumen [NR] 267
600 ## - ASIENTO SECUNDARIO DE MATERIA - NOMBRE PERSONAL [R]
Nombre personal [NR] Jamison, Kay Redfield
Subdivisión de forma [R] Relatos personales
9 (RLIN) 162760
650 04 - ASIENTO SECUNDARIO DE MATERIA - TERMINO TEMATICO [R]
Término temático o nombre geográfico como elemento de entrada [NR] Depresión mental
9 (RLIN) 12672
650 04 - ASIENTO SECUNDARIO DE MATERIA - TERMINO TEMATICO [R]
Término temático o nombre geográfico como elemento de entrada [NR] Psicología
9 (RLIN) 8001
650 04 - ASIENTO SECUNDARIO DE MATERIA - TERMINO TEMATICO [R]
Término temático o nombre geográfico como elemento de entrada [NR] Psicosis maniaco-depresiva
9 (RLIN) 22874
650 04 - ASIENTO SECUNDARIO DE MATERIA - TERMINO TEMATICO [R]
Término temático o nombre geográfico como elemento de entrada [NR] Trastornos mentales
9 (RLIN) 25786
700 1# - ASIENTO SECUNDARIO - NOMBRE PERSONAL [R]
Nombre personal [NR] Talens, Manuel
9 (RLIN) 129193
765 10 - ASIENTO DE IDIOMA ORIGINAL [R]
Asiento principal [NR] An unquiet mind
Edición [NR] a memoir of moods and madness.
942 ## - ELEMENTOS DE ENTRADA AGREGADOS (KOHA)
Tipo de ítem principal el descrito en 300a Libro
Tema principal Psicología
Edición 1
Parte restante de la signatura top. J325m
Sistema de clasificación DEWEY
Clasificación WM 140
Título oculto en OPAC No
Existencias
Fecha de último préstamo Total préstamos Total Renewals Signatura topográfica Código de barras Última vez visto Ejemplar Price effective from Tipo de ítem Nota pública (OPAC) Perdido Sistema de clasificación Dañado No prestable Tipo de ítem específico Suprimido Ubicación habitual Ubicación actual Localización Fecha de creación Forma de adquisición Costo
29/01/2020 28 6 WM 140 J325m 100079365 27/02/2026 Ej.1 03/02/2013 Libro Spot Psicología & Psiquiatría   NLM     Libro   Quinta de Mutis Quinta de Mutis 3er piso 28/02/2013 Compra 48000.00